00753nam a22002177a 4500001001300000005001700013008004100030010001700071020001500088035001700103040000800120082000600128100002300134245005800157260003800215300002700253350001100280490003900291520017000330650003500500B-264885-89020080724113923.0080724t xxu||||| |||| 00| 0 eng d aB-264885-890 a0448089203 aB-264885-890 aDLC aN aDixon, Franklin W. aMystery of the flying express,cby Franklin W. Dixon. aNew York,bGrosset & Dunlapc2002 a177 p.billus.c20 cm. a135.00 aThe Hardy boys mystery stories; 20 aAfter the new hydrofoil they are guarding is stolen, the Hardy boys face frequent danger in solving a mystery involving criminals who operate by signs of the zodiac. aMystery and detective stories.